000 00196nam a2200085Ia 4500
008 180219s9999 xx 000 0 und d
100 _aRamsakal
245 0 _aMulya Shiksha Ka Paripach
260 _aR Lal Meerut
260 _c2010
999 _c42321
_d42321